English Villages to Counties — Click Quiz #1 - Statistics

General Stats
  • This quiz has been taken 818 times
  • The average score is 7 of 15
Answer Stats
Hint Answer % Correct
Polperro Cornwall
70%
Radcliffe-on-Trent Nottinghamshire
69%
Tiptree Essex
68%
Ironbridge Shropshire
57%
Chalfont St Giles Buckinghamshire
50%
Grantchester Cambridgeshire
50%
Haworth West Yorkshire
49%
Whipsnade Bedfordshire
48%
Bagshot Surrey
47%
Seahouses Northumberland
46%
Easington Colliery County Durham
43%
Pendleton Lancashire
42%
Clovelly Devon
39%
Herstmonceux East Sussex
35%
Catherine-de-Barnes West Midlands
12%
No matching quizzes found
Score Distribution
Percent of People with Each Score
Percentile by Number Answered
Your Score History
You have not taken this quiz